| 000 | 01382cam a2200349 a 4500 | ||
|---|---|---|---|
| 001 | 650 | ||
| 005 | 20230628104748.0 | ||
| 008 | 100804s2011 nyua c 000 1 eng | ||
| 020 | _a9780805089042 (hc : alk. paper) | ||
| 040 |
_aDLC _cDLC _dDLC _beng |
||
| 050 | 0 | 0 |
_aPZ7.T211135 _bMyf 2011 |
| 082 | 0 | 0 |
_a[Fic] _222 |
| 100 | 1 | _aTashjian, Janet. | |
| 245 | 1 | 0 |
_aMy life as a stuntboy / _cJanet Tashjian ; with cartoons by Jake Tashjian. |
| 250 | _a1st ed. | ||
| 260 |
_aNew York : _bHenry Holt, _c2011. |
||
| 300 |
_a256 pages : _billustrations ; _c22 cm. |
||
| 500 | _a"Christy Ottaviano Books." | ||
| 505 | _aM | ||
| 520 |
_aTwelve-year-old Derek Fallon has the opportunity of a lifetime--to perform stunts in a movie featuring a popular twelve-year-old star--but complications arise involving his best friend, a capuchin monkey, and Derek's chronic inability to concentrate on schoolwork. _b810 _uLexile |
||
| 521 |
_aM
_bRaz-Plus |
||
| 650 | 0 | _aChildren's art. | |
| 650 | 1 |
_aStunt performers _vFiction. |
|
| 650 | 1 |
_aMotion pictures _xProduction and direction _vFiction. |
|
| 650 | 1 |
_aMonkeys as pets _vFiction. |
|
| 650 | 1 |
_aSchools _vFiction. |
|
| 650 | 1 |
_aFamily life _zCalifornia _zLos Angeles _vFiction. |
|
| 650 | 1 | _aChildren's art. | |
| 700 | 1 |
_aTashjian, Jake, _d1994- _eillustrator |
|
| 906 |
_a7 _bcbc _corignew _d1 _eecip _f20 _gy-gencatlg |
||
| 942 |
_2ddc _cBK _n0 |
||
| 999 |
_c650 _d650 |
||